|
|
|
|
| LEADER |
00000cam a22000004a 4500 |
| 001 |
musev2_5044 |
| 003 |
MdBmJHUP |
| 005 |
20230905040615.0 |
| 006 |
m o d |
| 007 |
cr||||||||nn|n |
| 008 |
050513s2006 nyu o 00 0 eng d |
| 010 |
|
|
|z 2005014026
|
| 020 |
|
|
|a 9780791482032
|
| 020 |
|
|
|z 9780791467053
|
| 020 |
|
|
|z 0791467058
|
| 035 |
|
|
|a (OCoLC)69242567
|
| 040 |
|
|
|a MdBmJHUP
|c MdBmJHUP
|
| 050 |
0 |
4 |
|a HQ728
|b .B718 2006
|
| 082 |
0 |
|
|a 306.85/094/09033
|2 22
|
| 100 |
1 |
|
|a Botting, Eileen Hunt,
|d 1971-
|
| 245 |
1 |
0 |
|a Family Feuds :
|b Wollstonecraft, Burke, and Rousseau on the Transformation of the Family /
|c Eileen Hunt Botting.
|
| 264 |
|
1 |
|a Albany :
|b State University of New York Press,
|c 2006.
|
| 264 |
|
3 |
|a Baltimore, Md. :
|b Project MUSE,
|c 2012
|
| 264 |
|
4 |
|c ©2006.
|
| 300 |
|
|
|a 1 online resource (266 pages).
|
| 336 |
|
|
|a text
|b txt
|2 rdacontent
|
| 337 |
|
|
|a computer
|b c
|2 rdamedia
|
| 338 |
|
|
|a online resource
|b cr
|2 rdacarrier
|
| 504 |
|
|
|a Includes bibliographical references (p. 239-248) and index.
|
| 588 |
|
|
|a Description based on print version record.
|
| 600 |
1 |
0 |
|a Burke, Edmund,
|d 1729-1797
|x Political and social views.
|
| 600 |
1 |
0 |
|a Rousseau, Jean-Jacques,
|d 1712-1778
|x Political and social views.
|
| 600 |
1 |
0 |
|a Wollstonecraft, Mary,
|d 1759-1797
|x Political and social views.
|
| 650 |
|
0 |
|a Feminist theory.
|
| 650 |
|
0 |
|a Families
|x Philosophy.
|
| 655 |
|
7 |
|a Electronic books.
|2 local
|
| 710 |
2 |
|
|a Project Muse.
|e distributor
|
| 830 |
|
0 |
|a Book collections on Project MUSE.
|
| 856 |
4 |
0 |
|z Texto completo
|u https://projectmuse.uam.elogim.com/book/5044/
|
| 945 |
|
|
|a Project MUSE - Custom Collection
|
| 945 |
|
|
|a Project MUSE - Archive Complete Foundation
|
| 945 |
|
|
|a Project MUSE - Archive Global Cultural Studies Foundation
|